=LDR 00000nam 2200000 4500 =001 INLIS000000000019850 =005 20130612114851 =008 ***********************************Ind** =035 ##$$0010-061300000019850 =041 ##$$a Ind =082 ##$$a 828.83 =090 ##$$a 828.83, Sta t =100 ##$$a Stamp, Bertha =245 ##$$a Rhrough a darkening gers, Bertha Stamp =260 ##$$a 1965 $b London =300 ##$$a 132 hlm, ilus, 2` cm =650 ##$$a Kesusastraan Inggris-Penulisan =850 ##$$a NBPNMAT